Statistics for 1990's Artists by Clue

Click here to take the quiz!

General Stats

  • This quiz has been taken 26 times
  • The average score is 10 of 20

Answer Stats

HintAnswer% Correct
State of enlightenmentNirvana
90%
RemedyThe Cure
86%
Not in Wonderland, in shacklesAlice in Chains
76%
Preserve made from oyster contentsPearl Jam
76%
Breaking the squashesThe Smashing Pumpkins
76%
Wireless skullRadiohead
71%
Eyes while dreamingR.E.M.
71%
Emerald, after dawnGreen Day
67%
Out of focus, it was a…Blur
62%
Capsicums with significant heatRed Hot Chili Peppers
62%
23cm fastenersNine Inch Nails
57%
My sanguinary sweetheartMy Bloody Valentine
48%
Rock church fliersStone Temple Pilots
43%
The fruit good for bladder healthThe Cranberries
43%
Horrible young malesBeastie Boys
29%
Fashion despatchDepeche Mode
24%
The decendantsThe Offspring
19%
Fantasy play or operaDream Theater
10%
DefinitelyNo Doubt
5%
Hedgehog tall shrubPorcupine Tree
5%

Score Distribution

Percentile by Number Answered

Percent of People with Each Score

Your Score History

You have not taken this quiz